Statistics for Квиз о Белорусији

Click here to take the quiz!

General Stats

  • This quiz has been taken 96 times
  • The average score is 12 of 17

Answer Stats

ОписОдговор% Correct
Главни градМинск
99%
Званични језициБелоруски
99%
Званични језициРуски
99%
Држава од које је Белорусија добила независност 1990.Совјетски Савез
95%
Овој грани хришћанства припада 76% становништваПравославље
90%
Писмо које се користи у овој државиЋирилица
88%
Држава на јужној граници БелорусијеУкрајина
88%
ВалутаРубља
81%
25.3% становништва Белорусије је убијено у овом рату, што је највеће страдање неке државе у истомДруги светски рат
78%
Први председник Белорусије, влада од 1994.Александар Лукашенко
66%
Око 20% обрадивих површина је загађено због хаварије у овом граду 1986.Чернобиљ
66%
Други најпопуларнији спорт у Белорусији (након фудбала)Хокеј на леду
63%
Именуј једну од три највеће реке које теку кроз БелорусијуЊемен | Припјат |
Дњепар
63%
Белорусија је једина држава Европе која није укинула ову контроверзну праксу (или бар изгласала мораторијум на њу)Смртна казна
57%
Због релативног мањка слобода, Белорусију некад називају овим именом ...Последња
{Диктатура}
у Европи
42%
Национална животиња Белорусије је ...Европски {Бизон}
28%
Други највећи градГомељ
27%

Score Distribution

Percentile by Number Answered

Percent of People with Each Score

Your Score History

You have not taken this quiz